00306nam a2200121Ia 4500003000400000005001700004008004100021020001500062040002000077100002200097245004000119260002500159OSt20240112165531.0170524s9999 xx 000 0 und d a8185727953 cIIMT UNIVERSITY aMISHRA- SHIVGOPAL 0aVIGYAN PATRAKARITA KE MOOL SIDDHANT bTAKSHILA : NEW DELHI